[Event "Xtracon Chess Open 2018"]
[Site "Elsinore"]
[Date "2018.07.23"]
[Round "4"]
[White "Johansen, Paul Ivar"]
[Black "Lalla, Karol"]
[Result "1/2-1/2"]
[WhiteElo "1244"]
[BlackElo "1580"]
[EventDate "2018.07.21"]
[WhiteFideId "1508024"]
[BlackFideId "12947407"]

1.Nf3 f5 2.d4 Nf6 3.Bg5 e6 4.Bxf6 Qxf6 5.e3 d5 6.h3 Bd6 7.Nc3 c6 8.Be2 O-O
9.O-O Bd7 10.b4 Be8 11.Qd2 Bh5 12.Ne1 Bxe2 13.Nxe2 Qh6 14.Nf3 Nd7 15.Nc1 
Nf6 16.Nd3 Ne4 17.Qc1 g5 18.Nfe5 g4 19.Nf4 Rae8 20.c4 dxc4 21.Nxc4 Bxf4 
22.exf4 Rd8 23.Qe3 Rd5 24.Rad1 Rfd8 25.Rd3 Qg7 26.Ne5 h5 27.g3 Qf6 28.Rfd1
Kg7 29.Kf1 Rh8 30.Ke2 1/2-1/2

[Event "Xtracon Chess Open 2018"]
[Site "Elsinore"]
[Date "2018.07.23"]
[Round "4"]
[White "Madsen, Dennis"]
[Black "Schjolin, John"]
[Result "1-0"]
[WhiteElo "1578"]
[BlackElo "1160"]
[EventDate "2018.07.21"]
[WhiteFideId "1425919"]
[BlackFideId "1439413"]

1.d4 d5 2.e4 dxe4 3.Nc3 e6 4.f3 exf3 5.Nxf3 Nf6 6.Bg5 a6 7.Bc4 Bd6 8.O-O 
O-O 9.Ne4 Be7 10.Nxf6+ Bxf6 11.Bxf6 Qxf6 12.Ne5 Qh6 13.Qf3 Qf6 14.Qe4 Qe7 
15.Rf3 c6 16.Raf1 f6 17.Rh3 g6 18.Ng4 f5 19.Nh6+ Kh8 20.Qe2 c5 21.Qe5+ Qf6
22.Ng4 Qxe5 23.Nxe5 Rf6 24.d5 exd5 25.Bxd5 Ra7 26.Nf7+ Kg7 27.Ng5 h5 28.
Re3 b6 29.Re8 Rf8 30.Rfe1 Rxe8 31.Rxe8 Rc7 32.h4 a5 33.Rg8+ Kf6 34.Rf8+ 
Kg7 35.Rd8 Nc6 36.Rg8+ Kf6 37.Nh7+ Rxh7 38.Bxc6 Be6 39.Rb8 Bxa2 40.Rxb6 
Bb1 41.Be8+ Ke5 42.Rxg6 Bxc2 43.Ra6 Kf4 44.Rxa5 Kg4 45.Rxc5 Be4 46.Rc3 
Kxh4 47.Rh3+ Kg5 48.Kh2 h4 49.Rb3 f4 50.Rb5+ Bf5 51.Bc6 Re7 52.Bf3 Rf7 53.
b4 Rh7 54.Be4 Rf7 55.Rxf5+ Rxf5 56.Bxf5 Kxf5 57.b5 Ke6 58.b6 Kd6 59.Kh3 
Kc6 60.Kxh4 Kxb6 61.Kg4 Kc7 62.Kxf4 Kd7 63.Kf5 Ke7 64.g4 Kf7 65.g5 Kg7 66.
g6 Kg8 67.Kf6 Kf8 68.Ke6 Kg7 69.Kf5 Kf8 70.Kf6 Kg8 71.g7 Kh7 72.Kf7 1-0

[Event "Xtracon Chess Open 2018"]
[Site "Elsinore"]
[Date "2018.07.23"]
[Round "4"]
[White "Wahlgreen, Noah"]
[Black "Olsen, Lars Peter Levin"]
[Result "0-1"]
[WhiteElo "1568"]
[BlackElo "1106"]
[EventDate "2018.07.21"]
[WhiteFideId "1457349"]
[BlackFideId "1454102"]

1.e4 c5 2.Nf3 Nc6 3.d4 cxd4 4.Nxd4 a6 5.Be3 Nf6 6.Nc3 e5 7.Nxc6 bxc6 8.Bc4
Bb4 9.Bd2 Bxc3 10.Bxc3 d6 11.f3 O-O 12.O-O Qc7 13.Qe2 Be6 14.Bxa6 Qb6+ 15.
Rf2 Rxa6 16.a3 Rd8 17.Rd1 Raa8 18.Rd2 Ne8 19.Kh1 Ra4 20.Qd1 c5 21.Bxe5 f6 
22.Bc3 Raa8 23.f4 Bc8 24.e5 Bb7 25.exf6 Nxf6 26.Bxf6 gxf6 27.Qg4+ Kh8 28.
Qe6 Qxb2 29.Rf1 d5 30.Rd3 Ba6 31.Rb3 Qd4 32.Rh3 Bxf1 33.Qf7 Bxg2+ 34.Kxg2 
Qe4+ 35.Kf2 Qxc2+ 36.Kf1 Qg6 37.Rxh7+ 0-1

[Event "Xtracon Chess Open 2018"]
[Site "Elsinore"]
[Date "2018.07.23"]
[Round "4"]
[White "O`gorman, Pipa"]
[Black "Starup, Leo"]
[Result "0-1"]
[WhiteElo "1231"]
[BlackElo "1562"]
[EventDate "2018.07.21"]
[WhiteFideId "45171637"]
[BlackFideId "1422669"]

1.d4 Nf6 2.Bf4 e6 3.e3 d5 4.c3 Bd7 5.Bd3 Bc6 6.Nf3 Nbd7 7.Nbd2 Be7 8.Qc2 
h6 9.Ne5 Nxe5 10.Bxe5 Qd7 11.Nf3 a6 12.b3 Rc8 13.c4 dxc4 14.bxc4 b5 15.O-O
O-O 16.e4 bxc4 17.Bxc4 Bxe4 18.Qe2 a5 19.Rfd1 Qc6 20.Bd3 Bd5 21.Rdc1 Qb6 
22.Bxf6 Bxf6 23.Bc2 Bxf3 24.Qd3 Rfd8 25.Qxf3 Qxd4 26.Rab1 Rb8 27.h3 Qd2 
28.Qg3 Rxb1 29.Rxb1 Qxc2 30.Rf1 Rd1 31.Rxd1 Qxd1+ 32.Kh2 Qd6 33.Qxd6 cxd6 
34.Kg3 Bc3 35.Kf3 f5 36.Ke3 g5 37.Kd3 Bb4 38.Kc4 Kf7 39.a4 Kf6 40.Kd4 e5+ 
41.Ke3 h5 42.g3 d5 43.f3 g4 44.h4 gxf3 45.Kxf3 d4 46.Ke2 e4 47.Kf2 d3 48.
Ke3 d2 49.Ke2 e3 50.Kd1 Ke5 51.Ke2 Ke4 52.Kd1 Kd3 0-1

[Event "Xtracon Chess Open 2018"]
[Site "Elsinore"]
[Date "2018.07.24"]
[Round "5"]
[White "Saric, Ivan"]
[Black "Hjartarson, Johann"]
[Result "1-0"]
[WhiteElo "2689"]
[BlackElo "2523"]
[EventDate "2018.07.21"]
[WhiteFideId "14508150"]
[BlackFideId "2300044"]

1.e4 e5 2.Nf3 Nc6 3.d4 exd4 4.Nxd4 Nf6 5.Nxc6 bxc6 6.e5 Qe7 7.Qe2 Nd5 8.c4
Nb6 9.Nc3 Qe6 10.Qe4 g6 11.Bd2 a5 12.Bd3 Ba6 13.b3 Bg7 14.O-O O-O 15.Rfe1 
f5 16.Qe3 Rfe8 17.f4 d6 18.c5 Bxd3 19.cxb6 Ba6 20.bxc7 Qd7 21.Qb6 dxe5 22.
Rad1 e4 23.Be3 Bd3 24.Na4 Rac8 25.Bf2 Kf7 26.Qxa5 Qxc7 27.Qxc7+ Rxc7 28.
Nc5 Rd8 29.Re3 g5 30.fxg5 Rd5 31.Rh3 Be2 32.Re1 Rd2 33.Rxh7 Kg6 34.Rxg7+ 
Rxg7 35.Ne6 Rxa2 36.Nf4+ Kxg5 37.Nxe2 Rd7 38.b4 Rb2 39.Be3+ Kg4 40.h3+ Kh4
41.Kh2 Rd3 42.Ng3 Rd5 43.Rf1 Rb3 44.Nxf5+ 1-0

[Event "Xtracon Chess Open 2018"]
[Site "Elsinore"]
[Date "2018.07.24"]
[Round "5"]
[White "Hammer, Jon Ludvig"]
[Black "Delorme, Axel"]
[Result "1-0"]
[WhiteElo "2631"]
[BlackElo "2515"]
[EventDate "2018.07.21"]
[WhiteFideId "1503707"]
[BlackFideId "632023"]

1.d4 d5 2.c4 e6 3.Nc3 Nf6 4.cxd5 exd5 5.Bg5 c6 6.e3 Bf5 7.Qf3 Be6 8.Bxf6 
Qxf6 9.Qxf6 gxf6 10.Nge2 Nd7 11.Ng3 Nb6 12.Nh5 f5 13.f3 Nc8 14.Kf2 Nd6 15.
Bd3 Be7 16.h3 Kd7 17.Ne2 Raf8 18.Nef4 Rhg8 19.b4 Ra8 20.Rhb1 b5 21.a4 a6 
22.Be2 Nc4 23.Nd3 Bg5 24.Nc5+ Kd6 25.Rb3 Bd7 26.g3 Rgb8 27.f4 Be7 28.Bd3 
Be6 29.Ng7 Nd2 30.Rba3 Ne4+ 31.Bxe4 fxe4 32.axb5 Rxb5 33.Rxa6 Rxa6 34.Ne8#
1-0

[Event "Xtracon Chess Open 2018"]
[Site "Elsinore"]
[Date "2018.07.24"]
[Round "5"]
[White "Keymer, Vincent"]
[Black "Andersen, Mads"]
[Result "1/2-1/2"]
[WhiteElo "2466"]
[BlackElo "2597"]
[EventDate "2018.07.21"]
[WhiteFideId "12940690"]
[BlackFideId "1413864"]

1.d4 Nf6 2.c4 g6 3.g3 c6 4.Bg2 d5 5.Nf3 Bg7 6.O-O dxc4 7.a4 Ne4 8.Qc2 Nd6 
9.e4 Bg4 10.Ne5 Be6 11.Na3 Na6 12.Rd1 Nb4 13.Qe2 O-O 14.Bd2 a5 15.Bc3 Qb6 
16.Nexc4 Nxc4 17.Nxc4 Bxc4 18.Qxc4 e6 19.Rd2 Rfd8 20.Rad1 Rd7 21.h4 Rad8 
22.Kh2 h5 23.f4 Kh7 24.Bh3 Rd6 25.f5 exf5 26.Qxf7 Rf6 27.Qe7 fxe4 28.Qxe4 
Nd5 29.Rf1 Rdf8 30.Rxf6 Rxf6 31.Be6 Qb3 32.Bxd5 cxd5 33.Qe8 b6 34.Kg2 Qc4 
35.Qb5 1/2-1/2

[Event "Xtracon Chess Open 2018"]
[Site "Elsinore"]
[Date "2018.07.24"]
[Round "5"]
[White "Agdestein, Simen"]
[Black "Holm, Kristian Stuvik"]
[Result "1-0"]
[WhiteElo "2581"]
[BlackElo "2453"]
[EventDate "2018.07.21"]
[WhiteFideId "1500015"]
[BlackFideId "1508083"]

1.c4 Nf6 2.Nc3 e6 3.d4 Bb4 4.e3 O-O 5.Bd3 c5 6.Nf3 d5 7.cxd5 cxd4 8.Nxd4 
e5 9.Ne2 Qxd5 10.O-O Qe6 11.a3 Be7 12.Ng3 g6 13.Qe2 Qb6 14.b4 Bg4 15.f3 
Be6 16.Bb2 Nbd7 17.Na4 Qd8 18.Ne4 Rc8 19.Rac1 Rxc1 20.Rxc1 Qb8 21.Nac5 
Nxc5 22.Nxc5 Bxc5 23.Rxc5 Nd7 24.Rc2 Rc8 25.a4 Rxc2 26.Qxc2 Qd6 27.Qc3 Kg7
28.a5 f6 29.Ba3 Qd5 30.e4 Qb3 31.Qxb3 Bxb3 32.b5 g5 33.Kf2 Kg6 34.Ke3 Kf7 
35.Kd2 Be6 36.g4 Bb3 37.Be2 Be6 38.Kc3 Ba2 39.Kb2 Be6 40.Bd6 Ke8 41.Kc3 
Kf7 42.a6 b6 43.Bc4 Bxc4 44.Kxc4 Ke6 45.Bc7 h6 46.h3 Nf8 47.Bxb6 1-0

[Event "Xtracon Chess Open 2018"]
[Site "Elsinore"]
[Date "2018.07.24"]
[Round "5"]
[White "Sawatzki, Frank"]
[Black "Urkedal, Frode Olav Olsen"]
[Result "1/2-1/2"]
[WhiteElo "2380"]
[BlackElo "2552"]
[EventDate "2018.07.21"]
[WhiteFideId "4613600"]
[BlackFideId "1506102"]

1.e4 c5 2.Nf3 d6 3.d4 cxd4 4.Nxd4 Nf6 5.Nc3 a6 6.a3 e5 7.Nde2 b5 8.Bg5 
Nbd7 9.Nd5 Be7 10.Bxf6 Nxf6 11.Nec3 Bb7 12.a4 b4 13.Nxf6+ Bxf6 14.Nd5 Rc8 
15.b3 O-O 16.Bc4 a5 17.Qd3 Rc5 18.O-O Bg5 19.Rad1 Qb8 20.Qg3 Bd8 21.Kh1 
Bxd5 22.Rxd5 Rxd5 23.Bxd5 Bb6 24.f4 exf4 25.Qxf4 Qc7 26.Qd2 g6 27.Bc4 Qe7 
28.Qd5 Bc5 29.g3 h5 30.h4 Kg7 31.Kg2 f6 32.Qe6 Qxe6 33.Bxe6 Re8 34.Bd5 Re5
35.Rd1 f5 36.Kf3 Kf6 37.Rd2 g5 38.hxg5+ Kxg5 39.Bc6 Kf6 40.Bd5 Re7 41.Ba8 
Rf7 42.Kg2 Rg7 43.Kf3 Re7 44.Bc6 Kg6 45.Re2 Rc7 46.Be8+ Kg5 47.exf5 Bb6 
48.f6 Rc3+ 49.Kg2 Kxf6 50.Bxh5 Bd4 51.Bf3 Be5 52.Rd2 Kg5 53.Re2 Kf6 54.Rd2
Kg5 55.Re2 Kf6 56.Rd2 1/2-1/2

[Event "Xtracon Chess Open 2018"]
[Site "Elsinore"]
[Date "2018.07.24"]
[Round "5"]
[White "Vitiugov, Nikita"]
[Black "Grigorov, Grigor"]
[Result "1-0"]
[WhiteElo "2734"]
[BlackElo "2506"]
[EventDate "2018.07.21"]
[WhiteFideId "4152956"]
[BlackFideId "2907313"]

1.e4 e5 2.Bc4 Nf6 3.d3 Nc6 4.Nf3 Bc5 5.O-O d6 6.c3 O-O 7.Re1 h6 8.h3 Re8 
9.Nbd2 a5 10.Nf1 Be6 11.Bb5 Bd7 12.Ng3 Ne7 13.Bxd7 Qxd7 14.d4 exd4 15.cxd4
Bb6 16.a4 Nc6 17.Ra3 d5 18.e5 Ne4 19.Nxe4 dxe4 20.Rxe4 f5 21.Rh4 Rad8 22.
Bxh6 gxh6 23.Rxh6 Re7 24.Nh4 f4 25.Qh5 Rh7 26.Qg5+ Qg7 27.Rg6 Rxd4 28.Nf5 
1-0

[Event "Xtracon Chess Open 2018"]
[Site "Elsinore"]
[Date "2018.07.24"]
[Round "5"]
[White "Lin, Chen"]
[Black "Andreikin, Dmitry"]
[Result "1/2-1/2"]
[WhiteElo "2508"]
[BlackElo "2702"]
[EventDate "2018.07.21"]
[WhiteFideId "8602298"]
[BlackFideId "4158814"]

1.e4 d5 2.exd5 Qxd5 3.Nc3 Qd6 4.d4 Nf6 5.Nf3 c6 6.Ne5 Nbd7 7.Bf4 Nd5 8.
Nxd5 Qxd5 9.Nf3 Nb6 10.Be2 Bf5 11.O-O Qe4 12.Bc7 Qxc2 13.Bxb6 axb6 14.d5 
Qxd1 15.Rfxd1 g6 16.dxc6 bxc6 17.Nd4 Be4 18.Nxc6 Bxc6 19.Rac1 Ba4 20.Rd4 
Bh6 21.Rxa4 Rxa4 22.Rc8+ Kd7 23.Rxh8 Rxa2 24.Rxh7 Rxb2 25.Bd3 Rb3 26.Be4 
Rb4 27.Bd3 Bg5 28.Rxf7 Rd4 29.Rf3 Bf6 30.Kf1 g5 31.Bb5+ Ke6 32.Rd3 Rb4 33.
Rb3 Rxb3 34.Bc4+ Ke5 35.Bxb3 Kd4 36.Ke2 b5 37.Kd2 e5 38.f3 Bd8 39.h3 Ba5+ 
40.Kc2 Ke3 41.Bd5 Kf2 42.g4 Kg3 43.Bc6 Be1 44.Kb3 b4 45.Be4 Kxh3 46.Bd5 
Kg3 47.Be4 Kf4 1/2-1/2

[Event "Xtracon Chess Open 2018"]
[Site "Elsinore"]
[Date "2018.07.24"]
[Round "5"]
[White "Bekker-Jensen, Simon"]
[Black "Shirov, Alexei"]
[Result "1/2-1/2"]
[WhiteElo "2483"]
[BlackElo "2637"]
[EventDate "2018.07.21"]
[WhiteFideId "1403613"]
[BlackFideId "2209390"]

1.d4 d5 2.c4 c6 3.Nf3 Nf6 4.Nbd2 Bf5 5.Nh4 Be6 6.e3 g6 7.Qb3 Qc7 8.Qc2 Bg7
9.cxd5 Nxd5 10.Nb3 Nb4 11.Qc3 Nd5 12.Qc2 Nb4 13.Qc3 Nd5 14.Qc2 Nb4 1/2-1/2

[Event "Xtracon Chess Open 2018"]
[Site "Elsinore"]
[Date "2018.07.24"]
[Round "5"]
[White "Salomon, Johan"]
[Black "Maze, Sebastien"]
[Result "1/2-1/2"]
[WhiteElo "2462"]
[BlackElo "2628"]
[EventDate "2018.07.21"]
[WhiteFideId "1509500"]
[BlackFideId "613762"]

1.e4 e5 2.Nf3 Nc6 3.Bc4 Bc5 4.O-O Nf6 5.d3 d6 6.c3 a6 7.Bb3 Ba7 8.Re1 h6 
9.Nbd2 g5 10.Nf1 g4 11.N3d2 h5 12.Nc4 h4 13.Be3 h3 14.g3 d5 15.exd5 Qxd5 
16.f3 gxf3 17.Qd2 f2+ 18.Qxf2 Qg2+ 19.Qxg2 hxg2 20.Kxg2 Bh3+ 21.Kg1 Bxe3+ 
22.Ncxe3 Rd8 23.Rad1 Kf8 24.Rd2 Kg7 25.Bc2 Nh7 26.Rf2 Ng5 27.Nd2 Bd7 28.
Kg2 Nh3 29.Nf5+ Kg6 30.Nh4+ Rxh4 31.gxh4 Nxf2 32.Kxf2 f5 33.Nf3 Kf6 34.Rg1
Rh8 35.Re1 Be8 36.Ba4 b5 37.Bb3 Bh5 38.Ng5 Bg6 39.Nf3 Bh5 40.Ng5 Bg6 41.
Nf3 Rd8 42.Bc2 Rh8 1/2-1/2

[Event "Xtracon Chess Open 2018"]
[Site "Elsinore"]
[Date "2018.07.24"]
[Round "5"]
[White "Tari, Aryan"]
[Black "Thybo, Jesper Sondergaard"]
[Result "1/2-1/2"]
[WhiteElo "2615"]
[BlackElo "2497"]
[EventDate "2018.07.21"]
[WhiteFideId "1510045"]
[BlackFideId "1438832"]

1.e4 e5 2.Nf3 Nc6 3.Bb5 a6 4.Ba4 Nf6 5.O-O Be7 6.Re1 b5 7.Bb3 d6 8.c3 O-O 
9.h3 Nb8 10.d4 Nbd7 11.c4 c6 12.Nc3 Qc7 13.a3 Bb7 14.Bg5 Rfe8 15.Rc1 Qb8 
16.cxb5 axb5 17.dxe5 Nxe5 18.Nd4 h6 19.Bh4 Bc8 20.f4 Ng6 21.Bf2 Bb7 22.Qf3
Bf8 23.Qg3 d5 24.exd5 Rxe1+ 25.Rxe1 cxd5 26.f5 Bd6 27.Qd3 Nf4 28.Qxb5 Ba6 
29.Qxb8+ Rxb8 30.Rb1 Nd3 31.Be3 Bc5 32.Ba4 Rxb2 33.Rxb2 Nxb2 34.Bb5 Nc4 
35.Bxc4 Bxc4 36.a4 Ne4 37.Nxe4 dxe4 38.Kf2 Bxd4 39.Bxd4 Kf8 40.Ke3 g6 41.
Kxe4 Bf1 42.Kf3 Bd3 43.f6 h5 44.h4 Ke8 45.Kf4 Kd7 46.Kg5 Kc6 47.Kh6 Bc4 
48.Kg7 Kb7 49.a5 Ka6 50.Bc3 Ba2 1/2-1/2

[Event "Xtracon Chess Open 2018"]
[Site "Elsinore"]
[Date "2018.07.24"]
[Round "5"]
[White "Bosiocic, Marin"]
[Black "Bjerre, Jonas Buhl"]
[Result "1/2-1/2"]
[WhiteElo "2589"]
[BlackElo "2436"]
[EventDate "2018.07.21"]
[WhiteFideId "14507927"]
[BlackFideId "1444948"]

1.d4 Nf6 2.Nf3 e6 3.c4 Bb4+ 4.Bd2 a5 5.g3 b6 6.Bg2 Bb7 7.O-O O-O 8.Bf4 Be7
9.Nc3 Ne4 10.Qc2 Nxc3 11.Qxc3 d6 12.Rfe1 Be4 13.Qe3 d5 14.cxd5 exd5 15.
Rac1 c5 16.Bxb8 Rxb8 17.Ne5 cxd4 18.Qb3 Qd6 19.Nc6 Rbc8 20.Qxb6 Bg5 21.Qc5
Qe6 22.Bxe4 Qxe4 23.h4 Bxh4 24.Qxa5 Bg5 25.Rc5 Ra8 26.Qb5 Rxa2 27.Qb3 Rfa8
28.Qxd5 Qxd5 29.Rxd5 Rc8 30.Rb5 g6 31.Ne5 Bd2 32.Rd1 Ra5 33.Rxa5 Bxa5 34.
Nd3 Kf8 35.Kg2 Ke7 36.Ra1 Bb6 37.g4 h5 38.Ra6 Rb8 39.gxh5 gxh5 40.Kh3 Bc7 
41.Rh6 Re8 42.Kg2 Rg8+ 43.Kf3 Rg5 44.Ke4 Rg4+ 45.Kf5 Rh4 46.Kg5 Re4 47.Rc6
Bd8 48.Rc2 Ke6+ 49.Kh6 Be7 50.f3 Rh4 51.Rc6+ Kd5 52.Ra6 Bd6 53.Ra5+ Ke6 
54.Rxh5 Bf8+ 55.Kg5 Be7+ 56.Kh6 Bf8+ 57.Kg5 1/2-1/2

[Event "Xtracon Chess Open 2018"]
[Site "Elsinore"]
[Date "2018.07.24"]
[Round "5"]
[White "Antonsen, Mikkel"]
[Black "Svane, Rasmus"]
[Result "0-1"]
[WhiteElo "2452"]
[BlackElo "2580"]
[EventDate "2018.07.21"]
[WhiteFideId "1401378"]
[BlackFideId "4657101"]

1.d4 Nf6 2.c4 e6 3.Nf3 d5 4.g3 Bb4+ 5.Bd2 Bd6 6.Nc3 O-O 7.Bg5 Be7 8.Bg2 
dxc4 9.Ne5 h6 10.Bf4 Nd5 11.Nxc4 Nxf4 12.gxf4 c5 13.dxc5 Qc7 14.e3 Qxc5 
15.Qe2 Nc6 16.a3 Bd7 17.O-O b5 18.Nd2 a6 19.Nde4 Qb6 20.Rfd1 Rad8 21.Rac1 
Na5 22.Ng3 Bc8 23.f5 Rxd1+ 24.Qxd1 Rd8 25.Qf3 Nc4 26.Nh5 exf5 27.Nd5 Qd6 
28.Rd1 Kh8 29.Rd4 Bf8 30.Qd1 Nxb2 31.Qb1 Nc4 32.a4 Qc5 33.axb5 axb5 34.Ng3
g6 0-1

[Event "Xtracon Chess Open 2018"]
[Site "Elsinore"]
[Date "2018.07.24"]
[Round "5"]
[White "Chatalbashev, Boris"]
[Black "Percivaldi, Martin"]
[Result "1/2-1/2"]
[WhiteElo "2543"]
[BlackElo "2393"]
[EventDate "2018.07.21"]
[WhiteFideId "2900440"]
[BlackFideId "1508148"]

1.c4 e6 2.Nf3 d5 3.g3 dxc4 4.Bg2 a6 5.O-O Nc6 6.Qc2 e5 7.Qxc4 Be6 8.Qa4 
Qd7 9.Nc3 f6 10.e3 Nge7 11.d4 O-O-O 12.dxe5 Nxe5 13.Nxe5 fxe5 14.Rd1 Qxa4 
15.Rxd8+ Kxd8 16.Nxa4 Nd5 17.Bd2 Bd6 18.b4 b6 19.a3 Ke7 20.Rc1 Kf7 21.f4 
g6 22.Nb2 exf4 23.gxf4 c5 24.Nc4 Bc7 25.bxc5 bxc5 26.Nb2 Bd6 27.Nc4 Bc7 
28.Nb2 Bd6 29.Na4 c4 30.Bxd5 Bxd5 31.Nb6 Bxa3 32.Ra1 Bc5 33.Nxd5 Rd8 34.
Rc1 Rxd5 35.Rxc4 Rxd2 36.Rxc5 Ra2 37.Rc7+ Kg8 1/2-1/2

[Event "Xtracon Chess Open 2018"]
[Site "Elsinore"]
[Date "2018.07.24"]
[Round "5"]
[White "Ni, Shiqun"]
[Black "Moradiabadi, Elshan"]
[Result "0-1"]
[WhiteElo "2435"]
[BlackElo "2538"]
[EventDate "2018.07.21"]
[WhiteFideId "8608466"]
[BlackFideId "12501255"]

1.e4 c6 2.d4 d5 3.exd5 cxd5 4.Bd3 Nc6 5.c3 Qc7 6.Ne2 e6 7.Bf4 Bd6 8.g3 
Nge7 9.Nd2 Bd7 10.Bxd6 Qxd6 11.f4 f6 12.Nf3 O-O 13.O-O Be8 14.Qd2 Bh5 15.
Kg2 Rae8 16.Rae1 Bg4 17.Neg1 Qd7 18.Qc2 Bf5 19.Rf2 Nc8 20.Nd2 Nd6 21.Ngf3 
Rc8 22.a3 Qf7 23.Rfe2 Rfd8 24.Kg1 Rd7 25.Re3 b6 26.Qd1 Re7 27.Kg2 Rce8 28.
h3 Bxd3 29.Rxd3 Qg6 30.Nf1 Nc4 31.Re2 e5 32.dxe5 fxe5 33.fxe5 N6xe5 34.
Rxd5 Qc6 35.b3 Nxa3 36.c4 b5 37.Nxe5 Rxe5 38.Rxe5 Rxe5 39.Kg1 Rxd5 40.cxd5
Qc5+ 41.Kh1 Nc2 42.Qh5 Qe7 43.d6 Qe4+ 44.Kg1 Ne1 45.Kf2 Nd3+ 46.Kg1 a6 47.
Qg5 Qd4+ 48.Ne3 Qxd6 49.Kh2 h6 50.Qg4 Qe5 51.Qc8+ Kh7 52.Ng2 Nb4 53.Qf8 
Qe4 54.h4 Nd3 55.Qc8 Ne5 56.Nf4 a5 57.h5 a4 58.bxa4 bxa4 59.Qf8 Ng4+ 60.
Kg1 Nf6 61.Qa3 Qb1+ 62.Kg2 Qc2+ 63.Kh3 Qf5+ 64.Kg2 Qe4+ 65.Kg1 Qd4+ 66.Kg2
Ne4 67.Qf3 Ng5 68.Qa3 Qd2+ 69.Kf1 Qd1+ 70.Kg2 Qc2+ 71.Kf1 Ne4 72.Qe3 a3 
73.Nd3 Nd2+ 74.Ke1 a2 75.Qxd2 a1=Q+ 76.Ke2 Qad1+ 0-1

[Event "Xtracon Chess Open 2018"]
[Site "Elsinore"]
[Date "2018.07.24"]
[Round "5"]
[White "Grandelius, Nils"]
[Black "Hagen, Andreas Skytte"]
[Result "1-0"]
[WhiteElo "2668"]
[BlackElo "2383"]
[EventDate "2018.07.21"]
[WhiteFideId "1710400"]
[BlackFideId "1407341"]

1.c4 Nf6 2.Nc3 g6 3.e4 d6 4.d4 Bg7 5.h3 O-O 6.Be3 c5 7.Nf3 cxd4 8.Nxd4 b6 
9.Qd2 Bb7 10.f3 Nh5 11.h4 e6 12.Rh3 d5 13.cxd5 exd5 14.g4 Nf6 15.e5 Nfd7 
16.f4 Nc5 17.O-O-O Qc8 18.Kb1 Qxg4 19.h5 Ne4 20.Nxe4 dxe4 21.hxg6 hxg6 22.
Rh1 Rd8 23.Bh3 Qh4 24.Bc8 Qe7 25.Nf5 Rxd2 26.Nxe7+ Kf8 27.Rxd2 1-0

[Event "Xtracon Chess Open 2018"]
[Site "Elsinore"]
[Date "2018.07.24"]
[Round "5"]
[White "Jobava, Baadur"]
[Black "Solberg, Joachim"]
[Result "1-0"]
[WhiteElo "2644"]
[BlackElo "2263"]
[EventDate "2018.07.21"]
[WhiteFideId "13601520"]
[BlackFideId "1502930"]

1.e4 c5 2.Nc3 a6 3.g3 b5 4.Bg2 Bb7 5.d3 e6 6.Nh3 Nf6 7.O-O b4 8.e5 Bxg2 9.
Kxg2 bxc3 10.exf6 Qxf6 11.bxc3 Nc6 12.Rb1 Be7 13.c4 O-O 14.Rb7 Rfd8 15.Bb2
Nd4 16.Qg4 d5 17.cxd5 exd5 18.Bxd4 cxd4 19.Re1 Bf8 20.Ng5 h6 21.h4 Qg6 22.
Rxf7 Rd6 23.Rf5 hxg5 24.hxg5 Rf6 25.Rxd5 Qf7 26.gxf6 Qxd5+ 27.f3 Ra7 28.a4
Rc7 29.Kh3 Qf7 30.Re6 g6 31.Rxa6 Qh7+ 32.Qh4 Rxc2 33.Qxh7+ Kxh7 34.Kg4 Rc5
35.f4 Kg8 36.Kf3 g5 37.Ke4 gxf4 38.gxf4 Kf7 39.Kxd4 Rc1 40.Ke5 Rc5+ 41.Ke4
Rh5 42.d4 Bh6 43.a5 Rh4 44.Rc6 Bxf4 45.a6 Bb8+ 46.Kd3 Rh3+ 47.Kc4 Ra3 48.
Rb6 Bf4 49.Kb5 Bc7 50.Rb7 Ra5+ 51.Kc6 Rxa6+ 52.Kxc7 Rxf6 53.d5 1-0

[Event "Xtracon Chess Open 2018"]
[Site "Elsinore"]
[Date "2018.07.24"]
[Round "5"]
[White "Laubsch, Bernd"]
[Black "Hansen, Sune Berg"]
[Result "0-1"]
[WhiteElo "2269"]
[BlackElo "2584"]
[EventDate "2018.07.21"]
[WhiteFideId "4663314"]
[BlackFideId "1400266"]

1.e4 c5 2.Nf3 d6 3.d4 cxd4 4.Nxd4 Nf6 5.Nc3 Nc6 6.Bg5 e6 7.Qd2 Qb6 8.Nb3 
Be7 9.f3 O-O 10.O-O-O Rd8 11.Be3 Qc7 12.Qf2 Nd7 13.g4 a6 14.g5 b5 15.h4 
Nce5 16.a3 Rb8 17.Rg1 b4 18.axb4 Rxb4 19.Rd4 a5 20.Nb5 Qb8 21.Rxb4 axb4 
22.f4 Nc6 23.h5 Nc5 24.Nxc5 dxc5 25.g6 Qa8 26.gxh7+ Kxh7 27.Kb1 Rd1+ 28.
Bc1 b3 29.cxb3 Rxc1+ 30.Kxc1 Qa1+ 31.Kd2 Qxb2+ 32.Ke3 Qxb3+ 33.Kd2 c4 34.
Qb6 Bb4+ 35.Ke2 Qd3+ 36.Kf2 Qxe4 37.Be2 Qxf4+ 38.Kg2 Qg5+ 39.Kf1 Qf4+ 40.
Kg2 Bd7 41.Rd1 Qg5+ 42.Kh3 Bc5 43.Qc7 Qe3+ 44.Qg3 Qxe2 45.Rxd7 Ne5 0-1

[Event "Xtracon Chess Open 2018"]
[Site "Elsinore"]
[Date "2018.07.24"]
[Round "5"]
[White "Rasmussen, Allan Stig"]
[Black "Koellner, Ruben Gideon"]
[Result "1-0"]
[WhiteElo "2536"]
[BlackElo "2254"]
[EventDate "2018.07.21"]
[WhiteFideId "1406000"]
[BlackFideId "12993093"]

1.d4 d6 2.e4 Nf6 3.Nc3 e5 4.Nf3 exd4 5.Nxd4 Be7 6.Bf4 O-O 7.Qd2 a6 8.O-O-O
b5 9.f3 c5 10.Nf5 Bxf5 11.exf5 Nc6 12.g4 b4 13.Nd5 Nxd5 14.Qxd5 Bg5 15.
Bxg5 Qxg5+ 16.Qd2 Qxd2+ 17.Rxd2 Nd4 18.c3 bxc3 19.bxc3 Nb5 20.Kc2 Rfb8 21.
Bc4 Ra7 22.Kd3 Na3 23.Re1 Rc7 24.Rb2 Rd8 25.Bxa6 c4+ 26.Kd2 h6 27.Kc1 Ra7 
28.Bb7 d5 29.Rb4 Ra5 30.Bc6 Rc8 31.Bd7 Rd8 32.Ba4 Rda8 33.Bc6 Rc8 34.Bd7 
Rd8 35.Rb7 d4 36.cxd4 Rd5 37.Re8+ Rxe8 38.Bxe8 Kf8 39.Bxf7 Rxd4 40.Bg6 Rd8
41.Kb2 Ra8 42.Kc3 Ra5 43.f4 Nb5+ 44.Kb4 Rxa2 45.Rxb5 Rxh2 46.Re5 1-0

[Event "Xtracon Chess Open 2018"]
[Site "Elsinore"]
[Date "2018.07.24"]
[Round "5"]
[White "Svane, Frederik"]
[Black "Venkataraman, Karthik"]
[Result "0-1"]
[WhiteElo "2266"]
[BlackElo "2514"]
[EventDate "2018.07.21"]
[WhiteFideId "12923044"]
[BlackFideId "25006479"]

1.e4 c6 2.d4 d5 3.exd5 cxd5 4.Bd3 Nc6 5.c3 Qc7 6.h3 e6 7.Nf3 Bd6 8.O-O 
Nge7 9.Be3 Bd7 10.Nbd2 f6 11.Rc1 O-O-O 12.c4 g5 13.a3 h5 14.b4 g4 15.b5 
gxf3 16.Qxf3 Bxa3 17.bxc6 Bxc6 18.Ra1 dxc4 19.Qxf6 cxd3 20.Rxa3 Rhg8 21.
Qxe6+ Kb8 22.f3 Nd5 23.Bf2 Rxg2+ 24.Kxg2 Nf4+ 25.Kh2 Nxe6+ 26.Bg3 Nf4 27.
d5 h4 28.Bxh4 Rh8 29.Bf6 Rxh3+ 30.Kg1 Qb6+ 31.Rf2 Ne2+ 32.Kf1 Rh1+ 0-1

[Event "Xtracon Chess Open 2018"]
[Site "Elsinore"]
[Date "2018.07.24"]
[Round "5"]
[White "Hector, Jonny"]
[Black "Schmidt, Kristen"]
[Result "1-0"]
[WhiteElo "2499"]
[BlackElo "2247"]
[EventDate "2018.07.21"]
[WhiteFideId "1700090"]
[BlackFideId "1400436"]

1.e4 c5 2.Nf3 Nc6 3.Nc3 g6 4.d4 cxd4 5.Nxd4 Bg7 6.Nb3 Nf6 7.Be2 O-O 8.O-O 
d6 9.Re1 Be6 10.Bg5 Rc8 11.Bf1 a6 12.Qd2 Re8 13.Nd5 Bxd5 14.exd5 Ne5 15.
Rad1 Nc4 16.Bxc4 Rxc4 17.f3 Qc7 18.c3 a5 19.Qe2 a4 20.Nd2 Rc5 21.Bxf6 Bxf6
22.Ne4 Bg7 23.Nxc5 Qxc5+ 24.Qf2 Qa5 25.a3 b5 26.Re4 Bf6 27.Qe2 Rc8 28.f4 
Kg7 29.g4 h6 30.Qf2 Qd8 31.h4 Qd7 32.Qg3 e6 33.g5 Bd8 34.dxe6 fxe6 35.Qg4 
Bb6+ 36.Kh2 Re8 37.gxh6+ Kh7 38.h5 gxh5 39.Rxd6 Qf7 40.Qg7+ Qxg7 41.hxg7 
Bc7 42.Rd7 1-0

[Event "Xtracon Chess Open 2018"]
[Site "Elsinore"]
[Date "2018.07.24"]
[Round "5"]
[White "Hoeffer, David"]
[Black "Aagaard, Jacob"]
[Result "0-1"]
[WhiteElo "2252"]
[BlackElo "2482"]
[EventDate "2018.07.21"]
[WhiteFideId "24606766"]
[BlackFideId "1401815"]

1.d4 Nf6 2.c4 g6 3.Nf3 Bg7 4.g3 O-O 5.Bg2 d6 6.O-O Nbd7 7.Nc3 e5 8.dxe5 
dxe5 9.Qc2 c6 10.Rd1 Qe7 11.Nd2 Nc5 12.Nde4 Nfxe4 13.Nxe4 Bf5 14.Bd2 Ne6 
15.e3 h5 16.b4 h4 17.Qb2 h3 18.Bh1 Bg4 19.f3 f5 20.fxg4 fxe4 21.Bxe4 Qg5 
22.Qc2 Qxg4 23.Bc3 Ng5 24.Bxg6 e4 25.Bxg7 Kxg7 26.Rd6 Rad8 27.Rad1 Rxd6 
28.Rxd6 Nf3+ 29.Kh1 Nd4 0-1

[Event "Xtracon Chess Open 2018"]
[Site "Elsinore"]
[Date "2018.07.24"]
[Round "5"]
[White "Notkevich, Benjamin Arvola"]
[Black "Schwarz, Frank"]
[Result "1-0"]
[WhiteElo "2471"]
[BlackElo "2234"]
[EventDate "2018.07.21"]
[WhiteFideId "1506536"]
[BlackFideId "4658035"]

1.e4 e6 2.d4 d5 3.Nd2 Nf6 4.e5 Nfd7 5.Bd3 c5 6.c3 Nc6 7.Ne2 cxd4 8.cxd4 f6
9.exf6 Qxf6 10.Nf3 Bd6 11.O-O O-O 12.Ng3 h6 13.Bc2 Rd8 14.Re1 Nf8 15.Ne5 
Bd7 16.f4 Be8 17.Be3 Rac8 18.Rf1 Bxe5 19.fxe5 Qe7 20.a3 Qc7 21.Rf2 Ne7 22.
Qg4 Neg6 23.Bd3 Qb6 24.Raf1 Rd7 25.Bxh6 Rf7 26.Bxg6 Nxg6 27.Qxg6 Qxd4 28.
Kh1 1-0